ბათუმის შოთა რუსთაველის სახელმწიფო უნივერსიტეტის ბიბლიოთეკა

ევროპული სისხლის სამართალი = EUROPAILSHES STRAFRECHT : ევროკავშირის ფარგლებში / (ბიბ.ჩანაწერი № 50469)

000 -ლიდერი
ფიქსირებული სიგრძის საკონტროლო ველი 01202nam a2200253Ia 4500
001 - საკონტროლო ნომერი
საკონტროლო ველი 17417
003 - საკონტროლო ნომრის იდენტიფიკატორი
საკონტროლო ველი GE_BSU
005 - ბოლო ოპერაციის თარიღი და დრო
საკონტროლო ველი 20200213111759.0
008 - ფიქსირებული სიგრძის მონაცემთა ელემენტები - ზოგადი ინფორმაცია
ფიქსირებული სიგრძის საკონტროლო ველი 181216s2013 xx |||||||||||||| || ||
020 ## - წიგნის საერთაშორისო სტანდარტული ნომერი
International Standard Book Number 9789941934346
040 ## - კატალოგიზაციის წყარო
Transcribing agency GE_BSU
041 ## - ენის კოდი
Language code of text/sound track or separate title geo
080 ## - უნივერსალური ათობითი კლასიფიკაციის ინდექსი
Universal Decimal Classification number 343(4) ჯ-56
100 ## - მთავარი ჩანაწერი - პიროვნების სახელი
Personal name ჯიშკარიანი, ბაჩანა.
9 (RLIN) 4792
245 ## - ცნობა სათაურის შესახებ
Title ევროპული სისხლის სამართალი = EUROPAILSHES STRAFRECHT : ევროკავშირის ფარგლებში /
Statement of responsibility, etc ბაჩანა ჯიშკარიანი ; რედ. გიორგი დგებუაძე.
264 ## - წარმოების, გამოცემის, დისტრიბუციის და სხვა ცნობები
გამოცემის, წარმოების, დისტრიბუციის... ადგილი თბილისი :
გამოცემის, წარმოების, დისტრიბუციის... სახელწოდება იურისტების სამყარო,
გამოცემის, წარმოების, დისტრიბუციის... თარიღი 2013.
300 ## - ფიზიკური აღწერა
Extent 257 გვ;
Dimensions 22 სმ.
300 ## - ფიზიკური აღწერა
Other physical details პარალ.თავფ.გერმ.ენაზე.
504 ## - BIBLIOGRAPHY, ETC. NOTE
Bibliography, etc იბლიოგრ.ტექსტ.შენიშვნ.გვ:235-256
546 ## - LANGUAGE NOTE
Language note პარალ.თავფ.გერმ.ენაზე
653 ## - INDEX TERM--UNCONTROLLED
Uncontrolled term სამართალი
700 ## - ADDED ENTRY--PERSONAL NAME
Personal name დგებუაძე, გიორგი
Relator term რედაქტორი
9 (RLIN) 7018
942 ## - ADDED ENTRY ELEMENTS (KOHA)
Koha item type წიგნი
Source of classification or shelving scheme
ეგზემპლარები
ჩამოწერის სტატუსი დაკარგული ეგზემპლარის სტატუსი კლასიფიკაციის წყარო ან თაროზე გაწყობის სქემა დაზიანების სტატუსი არ გაიცემა მუდმივი მდებარეობა (დაცვის ადგილი) ამჟამინდელი ადგილსამყოფელი თაროზე განთავსების ადგილი შეძენის თარიღი ღირებულება, შესყიდვის ნორმალური ფასი სრული შენახვის შიფრი შტრიხკოდი ბოლო ოპერაციის თარიღი ეგზემპლარის მიმდევრობითი ნომერი (კეტერი?) ფასის ძალაში შესვლის თარიღი ეგზემპლარის სახეობა საჯარო შენიშვნა
          ბათუმის შოთა რუსთაველის სახელმწიფო უნივერსიტეტის მთავარი ბიბლიოთეკა ბათუმის შოთა რუსთაველის სახელმწიფო უნივერსიტეტის მთავარი ბიბლიოთეკა წიგნსაცავი 2018-12-17 17.00 343(4) ჯ-56 45563 2018-12-17 45563 2018-12-17 წიგნი 17.00
          ბათუმის შოთა რუსთაველის სახელმწიფო უნივერსიტეტის მთავარი ბიბლიოთეკა ბათუმის შოთა რუსთაველის სახელმწიფო უნივერსიტეტის მთავარი ბიბლიოთეკა წიგნსაცავი 2018-12-17 17.00 343(4) ჯ-56 45564 2018-12-17 45564 2018-12-17 წიგნი 17.00
          ბათუმის შოთა რუსთაველის სახელმწიფო უნივერსიტეტის მთავარი ბიბლიოთეკა ბათუმის შოთა რუსთაველის სახელმწიფო უნივერსიტეტის მთავარი ბიბლიოთეკა წიგნსაცავი 2020-05-20 18.00 343(4) ჯ-56 60469 2020-05-20 60469 2020-05-20 წიგნი 18.00